000
00332nam a2200145Ia 4500
100
_a
Hobbyist ed.
650
_a
Electrical Engineering
942
_c
BK
654
_a
television
245
_a
Introduction to colour T.V.
260
_b
Business promotion B.
_a
Delhi
_c
1981
082
_a
621.38
300
_a
120
546
_a
ENGLISH
999
_c
23071
_d
23071